Caricamento...

Wheldon's business statistics and statistical method/5e Wheldon revised

Dettagli Bibliografici
Altri autori: Thirkettle, G.L (Redattore)
Natura: Printed Book
Lingua:English
Pubblicazione: London Macdonald & Evans 1962
Edizione:5th ed.
Soggetti:
LEADER 00568nam a22001697a 4500
005 20151215125035.0
008 091016t xxu||||| |||| 00| 0 eng d
082 |a 519.5  |b WHE 
100 |a Thirkettle, G.L.  |e Editor  |9 4488 
245 |a Wheldon's business statistics and statistical method/5e  |b Wheldon revised 
250 |a 5th ed. 
300 |a x,292p 
653 |a Sampling 
942 |c BK  |6 _ 
260 |c 1962  |a London  |b Macdonald & Evans 
999 |c 96349  |d 96349 
952 |0 0  |1 0  |2 ddc  |4 0  |6 5195WHE_  |7 0  |9 121523  |a SMS  |b SMS  |c GEN  |d 2009-10-16  |o 519.5WHE  |p SMS001204  |r 2009-10-16  |w 2009-10-16  |y BK